Countries of the French Empire - Sudden Death - Statistics

General Stats
  • This quiz has been taken 63 times
  • The average score is 10 of 20
Answers on the Grid
Answers color-coded by a green-red scale on the quiz's grid according to % correct below.
Algeria
Angola
Benin
Bhutan
Bulgaria
Burkina Faso
Burundi
Cambodia
Cape Verde
Central African Republic
Chad
China
Egypt
Gabon
Ghana
Haiti
India
Indonesia
Iran
Kazakhstan
Kenya
Laos
Lebanon
Malawi
Mali
Morocco
Mozambique
Myanmar
Niger
Oman
Papua New Guinea
Qatar
Rwanda
South Korea
South Sudan
Syria
Togo
Uganda
United States
Vietnam
 
Answer Stats
Answer % Correct
Algeria
95%
Benin
68%
Burkina Faso
63%
Chad
60%
Mali
60%
Morocco
60%
Niger
58%
Haiti
55%
Central African Republic
53%
Gabon
50%
Vietnam
50%
Cambodia
48%
Laos
45%
Lebanon
45%
Togo
38%
United States
38%
Syria
35%
China
23%
India
23%
Egypt
20%
No matching quizzes found
Score Distribution
Percent of People with Each Score
Percentile by Number Answered
Your Score History
You have not taken this quiz